000 00264nam a2200109Ia 4500
008 190912s9999||||xx |||||||||||||| ||und||
100 _aPeter. Drucker
245 0 _aInnovation And Entrepreneurship
260 _aIndia
_bPrentice
_c1999
300 _a258
942 _cBK
999 _c7138
_d7138